The standard American encyclopedia. (Record no. 17)

000 -LEADER
fixed length control field 00551nam a2200169 a 4500
001 - CONTROL NUMBER
control field :::00013167$&:&@@
003 - CONTROL NUMBER IDENTIFIER
control field OkBaRHE
005 - DATE AND TIME OF LATEST TRANSACTION
control field 20100304151826.0
008 - FIXED-LENGTH DATA ELEMENTS--GENERAL INFORMATION
fixed length control field s1916 j 000 0 eng u
040 ## - CATALOGING SOURCE
Transcribing agency
245 14 - TITLE STATEMENT
Title The standard American encyclopedia.
260 ## - PUBLICATION, DISTRIBUTION, ETC. (IMPRINT)
Place of publication, distribution, etc Chicago, IL., :
Name of publisher, distributor, etc Standard American Corporation
Date of publication, distribution, etc 1916
300 ## - PHYSICAL DESCRIPTION
Extent v. <1-15> : illus. ;
Dimensions 24 cm.
650 ## - SUBJECT ADDED ENTRY--TOPICAL TERM
Topical term or geographic name as entry element Encyclopedias
942 ## - ADDED ENTRY ELEMENTS (KOHA)
Source of classification or shelving scheme
Koha item type Books
Copies
Damaged status Source of classification or shelving scheme Not for loan Shelving location Collection code Current Location Full call number Date last seen Withdrawn status Price effective from Copy number Koha item type Permanent Location Lost status Date acquired Barcode
   General StacksReferenceRHEMA Bible Training CollegeAE 5 .M52018-01-09 2010-04-141BooksRHEMA Bible Training CollegeMissing2010-04-1413167